00658cam a2200205 a 450000100100000000500170001000800410002704000330006808200240010110000460012524500590017125000110023026000350024130000270027649000350030365000210033865000260035974000300038583000370041500001978420200929170134.0900713s1970 sp b 001 d spa d aDO-SdBNPbspacOxforddBNPHU a862.3bC146ma, 19701 aCalderón de la Barca, Pedro,d1600-168113aEl mayor monstruo del mundo /cCalderón de la Barca. a4a ed. aMadrid :bEspasa-Calpe,c1970. a169, [16] p. ;c18 cm.1 aAustral. Gris: clásicosv496 4aTeatro español 4aLiteratura española3 aEl príncipe constante / 0aAustral.pGris: clásicos;v496